[Event "VEN-ch"]
[Site "Lecheria"]
[Date "2015.03.16"]
[Round "7"]
[White "Palencia Morales, Guillermo Wilson"]
[Black "Guerrero Vargas, Andres Jesus"]
[Result "1-0"]
[WhiteElo "2305"]
[BlackElo "2337"]
[Annotator "Sequeda,N"]
[PlyCount "83"]
[EventDate "2015.03.12"]
[EventType "tourn"]
[EventRounds "11"]
[EventCountry "VEN"]
[EventCategory "1"]
[SourceTitle "CBM 165 Extra"]
[Source "ChessBase"]
[SourceDate "2015.04.21"]
[SourceVersion "1"]
[SourceVersionDate "2015.04.21"]
[SourceQuality "1"]

1. d4 d5 2. Nf3 Nf6 3. Bf4 c5 {Una manera agresiva de ejecutar esta variante
de juego} (3... e6 {Más tranquila es} 4. e3 Be7 5. h3 O-O 6. Be2 c5) 4. dxc5
Nc6 5. Nbd2 e6 6. Nb3 Ne4 7. e3 Nxc5 8. Be2 Nxb3 9. axb3 Bd6 10. Bxd6 Qxd6 11.
Nd4 Nxd4 12. Qxd4 O-O 13. f4 Re8 $6 {Las negras tratan de hacer valer la
presencia del rey blanco aún ubicado en las columnas centrales, pero dentro de
un plan que amerita recursos tácticos de relieve se verá que no poseen dichos
requerimientos} ({Es mejor} 13... b6 14. b4 Bb7 15. b5 f6 $14) 14. Bf3 $6 ({
Había que aceptar el material otorgado} 14. Rxa7 Rxa7 15. Qxa7 Qb4+ 16. Kf2 e5
17. fxe5 Qh4+ 18. g3 Qe4 (18... Qh3 19. Bd3 Rxe5 20. Qa5 $14) 19. Rc1 Qf5+ 20.
Kg1 Qxe5 21. c3 {y las blancas salen bien libradas}) 14... e5 (14... b6 $1 15.
O-O Bb7 16. e4 Qc7) 15. fxe5 ({De dudoso valor es} 15. Qxd5 Qb6 16. O-O-O Qxe3+
17. Kb1 Bf5 {y las negras están mejor}) 15... Qxe5 16. Qxe5 (16. O-O) 16...
Rxe5 17. Kd2 ({Era mejor} 17. Kf2 Bf5 $6 (17... a6) 18. Rhd1 Bxc2 19. Rxd5 Rxd5
20. Bxd5 $16) 17... Bf5 $6 {Las negras pretenden activarse, pero} (17... a6 $6
18. Ra5) (17... a5 $1 18. Ra4 Bd7 19. Rd4 Bc6 20. Ra1 Kf8) 18. Ra5 $16 {
las blancas obtienen la entrada a un final favorable en vista de la
inmovilidad de las piezas negras} b6 $6 (18... Be4 19. Bxe4 Rxe4 20. Rxd5 Rae8
{es un poco más activo}) 19. Rxd5 Rxd5+ 20. Bxd5 Rd8 21. c4 Be4 22. Kc1 (22.
Kc3) 22... Bxd5 (22... Re8 23. Bxe4 Rxe4 24. Kd2 a5 25. Rf1 Kf8 26. Rf5 Re6 27.
Kd3 {con amplios chances ganadoras}) 23. Rd1 Rc8 24. Rxd5 Kf8 25. Rd7 (25. Kc2
Ke7 26. Kc3 Rc6 27. Re5+ Kf6 28. Kd4 a5 29. e4 $16) 25... a5 (25... b5 26. Rxa7
bxc4 27. b4 c3 28. b3) 26. Kc2 (26. Kd2) 26... Rc6 27. Kc3 ({Otro final
prometedor se dá para las blancas después de} 27. Rd4 Ke7 28. Kd3 f5 29. Rd5 g6
30. e4 fxe4+ 31. Kxe4 Rf6 32. Ke3 Re6+ 33. Kf4 Rf6+ 34. Kg3 Rd6 35. Kg4 Re6 36.
Rd2 Re3 37. Kg5 Rxb3 38. Kh6 Kf6 39. Kxh7 Rb4 40. Kh6 Rxc4 41. Rf2+ Ke5 42.
Kxg6 {con ventaja decisiva}) 27... Rg6 28. Rd2 (28. g3 Rh6 29. Rd2 Re6 30. Re2)
28... Re6 29. Re2 Ke7 30. b4 $1 axb4+ 31. Kxb4 Kd6 (31... f5 32. Kb5 f4 33. e4
Kf6 34. b4 {y los peones del flanco de dama imponen supremacía para las blancas
}) 32. Kb5 Kc7 33. b4 f5 $6 (33... h5 34. g3 (34. Ra2 Kb7 35. Rf2 Re5+ 36. c5
f6 37. Rd2 Kc7 38. Ra2 Kb7 39. g3 bxc5 40. bxc5 Rxe3 41. c6+ Kb8 42. Kc5 g5 43.
Kd5 Rd3+ 44. Ke6 h4 45. g4 Rd4 46. h3 Rf4 47. Ra3 Rf1 48. Ra5 Rf3 49. Rf5 Rxh3
50. Kxf6 Kc7 51. Kxg5 Rh2 52. Kh6) 34... Re8 35. Ra2 Re5+ 36. c5 bxc5 37. bxc5
Kb8 38. Kc6) 34. g3 g6 (34... Re5+) 35. Ra2 (35. c5 bxc5 36. bxc5 Re5 37. Ra2)
35... Kb7 (35... Re5+ 36. c5 Kb7 37. Rd2) 36. Ra3 (36. Rd2 Kc7 37. Rd3) 36...
g5 $6 {con algo de desesperación las negras tratan de inquietar el flanco de
rey sin mucho éxito} 37. Rd3 (37. Ra6) 37... Kc7 38. Rd5 Rf6 39. Ka6 (39. h4 h6
40. hxg5 hxg5 41. g4) 39... f4 (39... Kc6 40. Rb5 Kc7 41. Re5 Kd6 42. Re8 Kd7
43. Rg8) 40. exf4 gxf4 41. gxf4 Rxf4 42. Rh5 {Las negras no podrán impedir la
captura del peón h o del peón b, con lo cual la partida estará decidida} 1-0

[Event "GER-ch 86th"]
[Site "Saarbruecken"]
[Date "2015.12.10"]
[Round "8"]
[White "Kunin, Vitaly L"]
[Black "Donchenko, Alexander"]
[Result "1/2-1/2"]
[WhiteElo "2561"]
[BlackElo "2582"]
[Annotator "Souleidis,G"]
[PlyCount "126"]
[EventDate "2015.12.03"]
[EventType "swiss"]
[EventRounds "9"]
[EventCountry "GER"]
[SourceTitle "CBM 169 Extra"]
[Source "ChessBase"]
[SourceDate "2015.12.18"]
[SourceVersion "1"]
[SourceVersionDate "2015.12.18"]
[SourceQuality "1"]

1. Nf3 d5 2. g3 g6 3. Bg2 Bg7 4. d4 c6 5. O-O Nf6 6. c3 O-O 7. Nbd2 Bf5 8. Nh4
Be6 9. e4 dxe4 10. Nxe4 Nxe4 11. Bxe4 Bd5 12. Qe2 Bxe4 13. Qxe4 e6 14. Nf3 Qd5
15. Re1 Nd7 16. Bf4 Qxe4 17. Rxe4 c5 18. Bd6 Rfc8 19. dxc5 Nxc5 20. Re2 $6 (20.
Bxc5 Rxc5 21. Rd1 {war stellungsgemäßer.}) 20... Na4 $1 {Hier nimmt der
Springer eine sehr aktive Position ein und Weiß bekommt Probleme.} 21. Be5 f6
22. Bf4 e5 23. Be3 Rd8 24. Rc1 f5 25. Ng5 Rd3 26. Kg2 a6 27. b3 $6 {Das
Bauernopfer war nicht wirklich nötig.} (27. c4 Bf6 28. h4 Rc8 29. b3 Nc5 {
ist nur "angenehmer" für Schwarz.}) 27... Nxc3 28. Rec2 e4 29. Bd2 Nb5 (29...
Bf6 $1 30. Ne6 Ne2 31. Rc8+ Rxc8 32. Rxc8+ Kf7 33. Ng5+ Bxg5 34. Bxg5 Rd7 $17)
30. Rc8+ Rd8 31. Rxa8 Rxa8 32. a4 Nd4 33. Rc7 Nxb3 34. Be3 b5 35. axb5 axb5 36.
Rb7 Nd4 37. Bxd4 Bxd4 38. Rxb5 {Schwarz hat zwar einen Mehrbauern, aber da
sich alle Figuren auf einem Flügel befinden, ist die Remistendenz sehr hoch.}
e3 39. fxe3 Bxe3 40. h4 $1 (40. Nf3 Ra2+ 41. Kh3 Rf2 $17) 40... Ra7 41. Kf3 Bd2
42. Rc5 Be1 43. Rc8+ Kg7 44. Rc7+ {Eine praktisch gute Entscheidung. Weiß
tauscht weiteres Material ab und nähert sich dem Remis.} Rxc7 45. Ne6+ Kf6 46.
Nxc7 {Das muss remis sein. Weiß tauscht einfach alle Bauern ab und opfert,
falls nötig, den Springer für den letzten verbliebenen schwarzen Bauern.} Ke5
47. Na6 Kd6 48. g4 fxg4+ 49. Kxg4 h6 50. h5 g5 51. Kf5 Bc3 {Der weiße
Springer steht zwar recht unbeholfen am Rand, doch es gibt keinen Weg ihn zu
fangen.} 52. Kg4 Kc6 53. Kf5 Kb6 54. Nb8 Bg7 55. Ke4 Kb7 56. Nd7 Kc6 57. Nb8+
Kd6 58. Na6 Bc3 59. Kf5 Bd2 60. Kg4 Be3 61. Nb4 Bc5 62. Nd3 Kd5 63. Kf5 Bd4
1/2-1/2

[Event "Altensteig"]
[Site "Altensteig"]
[Date "1994.??.??"]
[Round "1"]
[White "Speelman, Jonathan S"]
[Black "Stangl, Markus"]
[Result "1-0"]
[WhiteElo "2600"]
[BlackElo "2535"]
[Annotator "Speelman,J"]
[PlyCount "63"]
[EventDate "1994.08.??"]
[EventType "tourn"]
[EventRounds "11"]
[EventCountry "GER"]
[EventCategory "12"]
[SourceTitle "CBM 043"]
[Source "ChessBase"]
[SourceDate "1994.12.01"]
[SourceVersion "1"]
[SourceVersionDate "1994.12.01"]
[SourceQuality "1"]

1. d4 d5 2. Nf3 c6 3. Bf4 Bf5 4. e3 e6 5. a3 $5 Nf6 (5... Bd6 6. Bxd6 Qxd6 7.
Nh4 $5 Nd7 8. c4 Bxb1 9. Rxb1 Ngf6 10. Be2 dxc4 11. Bxc4 c5 $10 {Speelman,
J-Ivanchuk,V/Biel/1993/}) 6. c4 Be7 7. Nc3 Nbd7 8. Bd3 (8. h3 Ne4 $5) 8... Bxd3
9. Qxd3 O-O 10. O-O a5 (10... Nh5 $5) 11. h3 $2 (11. b3 $5) (11. e4 $5 dxc4)
11... a4 12. e4 $5 dxe4 13. Nxe4 Qb6 14. Nc3 $6 Qa6 $1 15. Rad1 Rfd8 $2 (15...
Nb6 $1 16. Ne5 Rfd8 17. Rfe1 Nfd7 $1 $15 (17... Bd6 $5 18. c5 $5 Qxd3 19. Nxd3
Bxf4 20. cxb6 $13)) 16. Rfe1 Rac8 (16... Nb6 17. Bc7 $1 Rd7 18. Bxb6 Qxb6 $14)
17. Qe2 h6 $2 (17... Nb6 $2 18. Ne5 {/\ Nf7}) (17... Bf8 18. Ne5 c5 $1 (18...
Nxe5 19. dxe5 Nd7 $2 20. Bg5 $1) 19. Nxd7 Rxd7 20. d5 exd5 (20... Re8 $2 21.
Qf1 $1) 21. cxd5 Qxe2 22. Rxe2 Ra8 $14) 18. Ne5 Nxe5 $2 (18... Nf8 $142) 19.
dxe5 Nd7 (19... Ne8 20. Ne4 $16) 20. Qg4 $1 h5 (20... Kh7 21. Qh5 Kg8 (21...
Qxc4 22. Qxf7 Nb6 23. Bxh6 Kxh6 24. Qxe7 $18) 22. Bxh6 $1 gxh6 23. Rd3 Nxe5 24.
Rg3+ Ng6 25. Rxg6+ fxg6 26. Qxg6+ Kf8 27. Re3 Bg5 28. Rf3+ Ke7 29. Qg7+ Kd6 30.
Ne4#) (20... Qxc4 21. Re4 Qb3 22. Bxh6 g6 23. Bg5 Bxg5 24. Qxg5 Qxb2 25. Rxd7
$1 Rxd7 26. Rh4 (26. Qf6 $2 Qc1+ 27. Kh2 Qh6) 26... Rd4 (26... Qxc3 27. Qf6 $18
) 27. Rxd4 Qxc3 28. Rh4 Qe1+ 29. Kh2 Qxf2 30. Qh6 $18) 21. Qxh5 Qxc4 22. Re4
Qb3 $6 (22... Qc5 23. Nxa4 Qc2 24. Qe2 Qb3 25. Red4 Nf8 26. Rxd8 Rxd8 27. Rxd8
Bxd8 28. Nc5 $16) 23. Bg5 $1 f6 (23... Bxg5 24. Qxg5 f6 25. exf6 Nxf6 26. Rxd8+
Rxd8 27. Rb4 Qc2 28. Rxb7 $18) 24. Rxd7 $1 Rxd7 25. exf6 Bxf6 (25... gxf6 26.
Qg6+ Kf8 27. Bh6#) 26. Bxf6 gxf6 27. Rh4 $1 Rf8 28. Qh8+ Kf7 29. Qh7+ Ke8 30.
Qg6+ Kd8 31. Rb4 $1 Rd1+ 32. Kh2 1-0

[Event "Lloyds Bank op 18th"]
[Site "London"]
[Date "1994.??.??"]
[Round "8"]
[White "Speelman, Jonathan S"]
[Black "De la Villa Garcia, Jesus Maria"]
[Result "1-0"]
[WhiteElo "2600"]
[BlackElo "2490"]
[Annotator "Speelman,J"]
[PlyCount "71"]
[EventDate "1994.08.??"]
[EventType "swiss"]
[EventRounds "10"]
[EventCountry "ENG"]
[SourceTitle "EXT 2000"]
[Source "ChessBase"]
[SourceDate "1999.11.16"]
[SourceVersion "1"]
[SourceVersionDate "1999.11.16"]
[SourceQuality "1"]

1. Nf3 d5 2. g3 Bg4 3. Bg2 Nd7 4. O-O Ngf6 5. d4 e6 6. Nbd2 c6 7. Re1 Be7 8. e4
O-O 9. c3 b5 $5 10. a4 a6 11. h3 Bh5 12. Qe2 Qb6 $2 (12... Qb8) 13. a5 Qd8 14.
e5 $5 (14. b4 $16) 14... Ne8 15. b4 Nc7 16. Nf1 $2 (16. g4 Bg6 17. Nf1 Be4 $1)
(16. Nb3) 16... Bxf3 $1 $8 17. Bxf3 f6 18. Bg2 (18. exf6 Bxf6 19. Bf4 (19. Bg4
e5 $1 20. Bxd7 Qxd7 21. dxe5 Bxe5 22. Qxe5 $2 Rae8) 19... e5 20. dxe5 Re8 $5 (
20... Nxe5 21. Bxe5 Bxe5 22. Bxd5+ Nxd5 23. Qxe5 Qd7 $36) 21. Bh5 g6 22. Bxg6
$5 hxg6 23. Qg4 Nxe5 24. Bxe5 Bxe5 25. Qxg6+ Bg7 26. Qxc6) 18... fxe5 19. dxe5
c5 $132 {xc3,e5} 20. Bd2 Nb8 21. bxc5 Bxc5 22. Be3 Qe7 (22... Bxe3 23. Qxe3 Nc6
) 23. Nd2 Nd7 $6 (23... Nc6) 24. Nb3 Bxe3 25. Qxe3 Rfc8 $4 (25... Rac8) 26. Nd4
Ne8 27. f4 g6 28. g4 $1 Kh8 29. f5 gxf5 30. gxf5 exf5 31. Bxd5 $18 Ra7 32. Nc6
Qg7+ 33. Kh1 Rac7 34. Rg1 Qf8 35. e6 (35. Ne7 $1 Rxc3 36. Qh6 $3) 35... f4 $2 (
35... Qd6 $8 36. Rad1 Ndf6 37. Bf3 $18) 36. e7 $1 1-0

[Event "Interzonal-15"]
[Site "Manila"]
[Date "1990.??.??"]
[Round "11"]
[White "Ye, Rongguang"]
[Black "Stohl, Igor"]
[Result "0-1"]
[WhiteElo "2525"]
[BlackElo "2525"]
[Annotator "Stohl,I"]
[PlyCount "88"]
[EventDate "1990.06.29"]
[EventType "swiss"]
[EventRounds "13"]
[EventCountry "PHI"]
[SourceTitle "CBM 019"]
[Source "ChessBase"]
[SourceDate "1990.12.01"]
[SourceVersion "1"]
[SourceVersionDate "1990.12.01"]
[SourceQuality "1"]

1. d4 Nf6 2. Nf3 g6 3. g3 Bg7 4. Bg2 O-O 5. O-O d5 6. Nbd2 Na6 7. Nb3 (7. c4 c5
$10) 7... b6 $5 {N} (7... c6 8. Bf4 Re8 9. Rc1 Bf5 10. Ne5 Nd7 11. Re1 Nxe5 12.
dxe5 f6 13. exf6 Bxf6 14. e4 dxe4 15. c3 $14 {Andersson-Ftacnik,Haninge 1990})
(7... Bf5 $5) 8. Ne5 (8. c4 $2 dxc4 9. Ne5 (9. Nbd2 $32) 9... Be6 $1 $17) 8...
Bb7 9. Be3 $6 (9. c4 e6 10. Bf4 Qe7 $5 {/\c5<=>}) 9... Ne4 $1 $10 10. Rc1 (10.
Nd3 Nd6 $1 {/\Sc4,Sf5}) (10. c4 $6 Bxe5 11. cxd5 (11. dxe5 dxc4 12. Nd2 Nxd2
13. Bxb7 Nxf1 14. Qxf1 Nb4 15. Bxa8 Qxa8 $17) 11... Qxd5 (11... Nxg3 $5 12.
hxg3 Bg7) 12. dxe5 Qxe5 $15) 10... c5 11. c4 Rc8 (11... dxc4 $6 12. Nxc4 $14) (
11... e6 $5 12. cxd5 exd5 $13) 12. Nd2 (12. cxd5 $6 Bxd5 13. Qd3 (13. f3 Nd6
14. dxc5 Nf5) 13... Nb4 14. Qb1 cxd4 15. Rxc8 (15. Bxd4 Rxc1 16. Rxc1 Bxb3 17.
Qxe4 Bd5 {/\Sa2}) 15... Qxc8 16. Bxd4 Qc2 $15) 12... e6 (12... cxd4 $6 13. Bxd4
f6 14. Nd3 $1 (14. Nef3 e5 $17) 14... dxc4 15. Nxe4 Bxe4 (15... Qxd4 16. Nxf6+)
16. Bxe4 Qxd4 17. Bb7 Rcd8 18. Bxa6 cxd3 19. Qb3+ $14) 13. f4 (13. Nxe4 $2 dxe4
$17) (13. cxd5 Nxd2 14. Qxd2 Bxd5 $15) 13... Nd6 (13... Qe7 $5 {/\} 14. Nxe4
dxe4 15. dxc5 bxc5 $1 $36) 14. dxc5 (14. Bf2 Qe7 {/\dc4}) 14... Nxc5 (14...
bxc5 15. Bf2 $13) 15. b4 (15. cxd5 $5) 15... Nd7 16. cxd5 (16. Nxd7 Qxd7 17. c5
Nb5 18. Nf3 (18. Nb3 d4 19. Bxb7 Qxb7 20. Bxd4 Nxd4 21. Nxd4 Qe4 $17) 18... Nc3
19. Qd2 Ne4 $36) 16... Bxd5 (16... exd5 $5) 17. Nc6 $1 (17. Nxd7 Qxd7 $15)
17... Qe8 $1 18. Bxd5 (18. Bf2 $2 Bxg2 19. Kxg2 Rxc6 20. Rxc6 Qa8 21. Qa4 Nb8
$19) (18. Nxa7 $2 Rxc1 19. Qxc1 Bxg2 20. Kxg2 Qa8+ 21. Qc6 (21. Nc6 Rc8) 21...
Nf5 $19) 18... exd5 19. Bf2 Nb5 (19... a6 $5 20. Qb3 Nf6 21. Ne5 Qb5 $13) 20.
Nb1 $2 (20. Qb3 $1 d4 (20... Qxe2 $2 21. Rfe1 $1 Qxd2 22. Ne7+ $16) 21. Nf3 {
/\Sd4} Nc5 22. bxc5 Qxc6 23. cxb6 Qxb6 24. Kg2 $10) 20... Nf6 (20... Qe6 $2 21.
Qxd5) 21. Ne5 (21. Nd4 Rxc1 22. Qxc1 Ne4 23. Nxb5 Qxb5 $19) 21... Rxc1 22. Qxc1
Ne4 23. a4 Nxf2 24. Rxf2 (24. axb5 $5 Bxe5 25. fxe5 Ne4 $17) 24... Nd4 25. Nc3
(25. Qe3 Nc6) 25... Bxe5 26. fxe5 Qxe5 27. Qd2 (27. Qf4 Qxf4 28. Rxf4 Ne6 $19)
27... Rc8 28. Kg2 Nf5 (28... Nb3 $2 29. Qxd5 Qxc3 30. Qxf7+ Kh8 31. Rf3 $10)
29. Nd1 (29. Nxd5 $2 Qxd5+) 29... Qe4+ 30. Kh3 Rc2 31. Qg5 Qe6 (31... Rxe2 $2
32. Nc3 Qe7 33. Rxf5) 32. g4 Nd6 33. Ne3 Rc3 $138 (33... Ne4 $1 34. Qd8+ Kg7
35. Rxf7+ Qxf7 36. Nxc2 Qf1+ $19) 34. Rf3 d4 35. Nd5 Rxf3+ 36. exf3 Kg7 37. Nf4
Qe3 38. Nh5+ $138 (38. Kg2 $32) 38... Kf8 39. Qf6 Ne8 40. Qh8+ Ke7 41. Ng3 d3
42. Qc3 Qxf3 43. Qd4 Nd6 44. g5 Ke6 $1 {/\Dd5 (I.Stohl)} 0-1

[Event "RUS-ch"]
[Site "Elista"]
[Date "1995.??.??"]
[Round "4"]
[White "Rashkovsky, Nukhim N"]
[Black "Filippov, Valerij"]
[Result "1/2-1/2"]
[WhiteElo "2560"]
[BlackElo "2510"]
[Annotator "Stohl,I"]
[PlyCount "109"]
[EventDate "1995.10.??"]
[EventType "swiss"]
[EventRounds "11"]
[EventCountry "RUS"]
[SourceTitle "CBM 050"]
[Source "ChessBase"]
[SourceDate "1996.02.01"]
[SourceVersion "1"]
[SourceVersionDate "1996.02.01"]
[SourceQuality "1"]

1. d4 Nf6 2. Nf3 g6 3. g3 Bg7 4. Bg2 O-O 5. O-O c6 6. Nc3 (6. b3 d5 7. Bb2 Ne4
(7... Bf5 8. Nbd2 Nbd7 9. Nh4 Be6 10. c4 Qa5 11. a3 Qa6 12. Rc1 Rac8 13. Re1
Rfd8 14. Bf1 b5 15. c5 Qb7 16. Qc2 Qc7 17. f3 Nh5 18. e3 Nf8 19. g4 Nf6 20. Bd3
h5 21. g5 N6h7 22. f4 Bg4 23. Ndf3 e6 24. Ne5 $36 {Karlsson,L-Ftacnik,L/
Haninge/1990/}) 8. Ne5 Nd7 9. Nxd7 Bxd7 10. Nd2 Bf5 11. Nxe4 dxe4 12. e3 Qd7
13. c4 Bh3 14. Qc2 Bxg2 15. Kxg2 Qf5 16. Qe2 Rad8 17. Rad1 Rd7 18. Rd2 Rfd8 19.
Rfd1 Qa5 20. Bc1 e6 21. c5 Rd5 22. Qc4 Qc7 $10 {Kogan,B-Kavalek,L/USA-ch/1984/}
) (6. Nbd2 d6 7. e4 Qc7 8. b3 Nbd7 9. Bb2 e5 10. dxe5 Nxe5 11. Nxe5 dxe5 12.
Nc4 Re8 13. Qd6 Qxd6 14. Nxd6 Re7 15. Rad1 Be6 16. Bxe5 Nxe4 17. Bxg7 Nxd6 18.
Bf6 Rd7 19. c4 Ne8 20. Rxd7 Bxd7 21. Bc3 f6 22. Rd1 $14 {[%csl Gc3,Gg2] _|_^^,
Romanishin,O-Akopian,V/Lvov zt/1990/}) (6. a4 d5 7. Na3 Bf5 8. b3 Qc8 9. Bb2
Bh3 10. c4 Bxg2 11. Kxg2 Qf5 12. Rc1 Nbd7 13. b4 Nb6 14. c5 Nbd7 15. Qc2 Qxc2
16. Rxc2 Ne4 17. Ne1 f5 18. Nd3 a6 19. h4 Rfe8 20. f3 Nef6 21. Nb1 Nh5 $10 {
Hoffman,A-Cramling,P/Biel/1994/}) (6. h3 d5 7. Be3 Ne4 8. Qc1 Qb6 9. Rd1 Bf5 (
9... Qa6 $5 $13) 10. c4 Qa6 11. b3 Nd7 12. Bh6 Ndf6 13. Ne5 Rac8 14. Bxg7 Kxg7
15. g4 Be6 16. f3 Nd6 17. c5 Nde8 18. Nc3 Qa5 19. b4 Qc7 20. Qe3 Nd7 21. Nd3
Qg3 22. Qf4 $36 {Landa,K-Pugachev,A/Briansk RUS-chT/1995/}) (6. c4 Qa5 7. Nc3
Qa6 $6 (7... d6 {-E62}) 8. b3 b5 9. c5 $1 d6 10. cxd6 exd6 11. Bf4 b4 12. Na4
Rd8 13. Rc1 Qb5 14. Re1 Nd5 15. Bg5 Re8 16. e4 Nb6 17. e5 Nxa4 18. exd6 $1
Rxe1+ 19. Qxe1 Be6 20. bxa4 Qxa4 21. Ne5 Qxa2 22. Qxb4 $18 {Borges Mateos,
J-Gonzales,R/CUB-ch/1995/}) 6... d5 7. Bf4 (7. Bg5 Qb6 8. Rb1 Qd8 $2 9. Qc1 Bf5
10. Bh6 Nbd7 11. Bxg7 Kxg7 12. Nh4 Be6 13. f4 Nb6 14. f5 Bd7 15. e4 dxe4 16.
Nxe4 Nbd5 17. c4 Nxe4 18. Bxe4 Nf6 19. Bc2 Bc8 20. Qf4 Qd6 21. Qe3 Ng4 22. Qc3
g5 23. Nf3 $16 {Bender,H-Moeller,G/WchS-Bad Woerishofen/1992/}) 7... Nbd7 (7...
Bf5 $5 8. Qd2 (8. h3 Nbd7 9. Qd2 Ne4 10. Nxe4 Bxe4 11. c3 Re8 12. Rfe1 a5 13.
Rad1 a4 14. Ne5 Bxg2 15. Kxg2 Nb6 16. b3 Nc8 17. c4 f6 18. Nf3 axb3 19. axb3 g5
20. Be3 Nd6 21. Qc2 Qa5 $10 {Rashkovsky,N-Bronstein,D/Hastings Masters/1995/})
8... Qc8 9. Rfe1 Na6 10. Rac1 Re8 11. Bh6 Bh8 $6 (11... Ne4 $142 12. Nxe4 Bxe4
13. c4 Nc7 $132) 12. Ne5 Nd7 13. f4 $1 $16 {[%csl Rh8] Miles,A-Izeta,F/
Benasque/1995/}) 8. Qd2 Re8 9. Rad1 Nf8 10. Rfe1 (10. Ne5 $5 Bf5 (10... Ne6 11.
Bh6 $36 {@}) 11. f3 {[%csl Gd4,Ge4][%cal Re2e4] /\e4[+]}) (10. Bh6 Qb6 $132)
10... Ne6 11. Bh6 Ne4 $1 12. Nxe4 (12. Qc1 $6 Nxc3 13. bxc3 Qa5 $15) 12... dxe4
13. Ne5 (13. Bxg7 $2 exf3 $19) 13... Qxd4 $1 $10 14. Bxg7 (14. Qxd4 Nxd4 15.
Bxg7 Nxc2 16. Bh6 (16. Rf1 Kxg7 17. a3 f6 18. Bxe4 (18. Nc4 Be6 $17) 18... fxe5
(18... Nxa3 19. Nxc6 $1 $132) 19. Bxc2 Bh3 $17) 16... f6 17. Nc4 Nxe1 18. Rxe1
Be6 19. Na5 Bd5 $13) 14... Qxd2 15. Rxd2 Kxg7 16. Bxe4 Nc5 17. Bg2 Be6 18. b4
$5 (18. a3 Red8 19. Red1 Rxd2 20. Rxd2 f6 21. Nf3 Bd5 $10) (18. Nxc6 $2 bxc6
19. Bxc6 Red8 $19) 18... Na4 (18... Na6 $2 19. b5 $16) 19. c4 (19. Nxc6 $6 bxc6
20. Bxc6 Nc3 $15) 19... a5 $5 (19... f6 $2 20. Nxc6 bxc6 21. Bxc6 $16) (19...
Red8) 20. b5 f6 21. Nd3 Rac8 22. bxc6 bxc6 23. Rc2 Red8 (23... Nb6 24. Nc5 $5 (
24. c5 Nd5 $10) 24... Bxc4 25. Rb1 Bb5 26. Ne6+ Kf7 27. Nd4 $14) 24. c5 Rd4 (
24... Bf5 25. e4 $1 Be6 26. Nf4 $14 {[%csl Ra4] פa4}) 25. Rb1 Rc7 26. f4 Bc4
$1 (26... Bf5 27. Rb3 $13) 27. Ne1 Bb5 28. Rb3 Rcd7 29. Nd3 $1 $8 (29. Kf2 Rd2
$17) 29... Kf7 (29... Bxd3 30. exd3 {[%csl Rc6] ><c6}) 30. Kf2 Ke8 31. Ke3 Kd8
32. Rxb5 $1 $132 {The exchange sacrifice is only temporary and manages to
shake off Black's growing positional pressure.} cxb5 33. c6 R7d5 $8 (33... R7d6
$2 34. c7+ Kc8 35. Bb7+ $18) 34. c7+ Kc8 35. Bxd5 Rxd5 36. h4 (36. Rc6 Rd6 $15)
36... Nb6 (36... Rd7 37. Rc6 Rxc7 38. Ra6 Rc2 39. Rxa5 Nc3 (39... Rxa2 40. Ra7
$1 $44 {[%cal Rd3b4,Ra7e7] /\Re7,Nb4}) 40. Nb4 $1 Rb2 (40... Rxe2+ $2 41. Kd3
$18) 41. a3 Nxe2 42. Nd3 Rc2 43. Nb4 $10) (36... b4 37. Rc4 {[%cal Ra2a3] /\a3}
Nb6 38. Rc6 Rd6 39. Rc5 Rd5 $10) 37. Rc5 $5 Rxc5 38. Nxc5 {In the N-endgame
White still must be cautious, as Black's Queen-side pawns can become dangerous.
} Kxc7 (38... Nd5+ $5 39. Kd4 Nxc7 40. Nb3 a4 41. Nc5 $44 {[%cal Ye2e4,Yf4f5] /
\e4,f5<=>}) 39. Ne6+ Kd6 40. Nf8 Nd5+ 41. Kd2 b4 (41... h5 $142 $1 42. Nxg6 b4
$15) 42. Nxh7 Nc3 43. Nf8 $10 Nxa2 44. Nxg6 Ke6 $8 (44... a4 $2 45. h5 $18) 45.
h5 Kf7 46. f5 $1 a4 47. h6 Kg8 48. Nxe7+ Kh7 49. Nd5 Kxh6 (49... b3 50. Nb6 b2
51. Kc2 a3 52. Nc4 $14) 50. Nxf6 Nc3 (50... Kg5 51. Ne4+ Kxf5 52. Nc5 $10) 51.
Ng4+ Kg5 52. Ne3 a3 53. Kc2 a2 54. Kb2 b3 55. Nc4 (55. Nc4 Nd1+ 56. Ka1 {
[%cal Rc4a5] /\Na5=}) 1/2-1/2